000
00284nam a2200109Ia 4500
008
190914s9999||||xx |||||||||||||| ||und||
100
_a
Lloyd Merritt Smigel
245
0
_a
HandBook Of Basic Training for New Managers
260
_a
New Delhi
_b
Addison
_c
1959
300
_a
458
942
_c
BK
999
_c
9295
_d
9295